LEADER 01130nam--2200397---450- 001 990003664480203316 005 20120524100307.0 010 $a978-0-231-14411-7 035 $a000366448 035 $aUSA01000366448 035 $a(ALEPH)000366448USA01 035 $a000366448 100 $a20120524d2010----km-y0itay50------ba 101 $aeng 102 $aUS 105 $a||||||||001yy 200 1 $aRelativism$ea contemporary anthology$fedited by Michael Krausz 210 $aNew York [etc.]$cColumbia University Press$d2010 215 $aX, 573 p.$d24 cm 410 0$12001 454 1$12001 461 1$1001-------$12001 606 0 $aRelativismo$2BNCF 676 $a171.1 702 1$aKRAUSZ,$bMichael 801 0$aIT$bsalbc$gISBD 912 $a990003664480203316 951 $aII.6. 1459$b74101 G.$cII.6.$d00311186 959 $aBK 969 $aUMA 979 $aFIORELLA$b90$c20120524$lUSA01$h0949 979 $aFIORELLA$b90$c20120524$lUSA01$h0950 979 $aFIORELLA$b90$c20120524$lUSA01$h0958 979 $aFIORELLA$b90$c20120524$lUSA01$h1003 996 $aRelativism$91139370 997 $aUNISA LEADER 01299nam 2200445 450 001 9910828561103321 005 20230808201334.0 010 $a88-921-6417-1 035 $a(CKB)3710000001020650 035 $a(MiAaPQ)EBC4784126 035 $a(Au-PeEL)EBL4784126 035 $a(CaPaEBR)ebr11329297 035 $a(OCoLC)971365979 035 $a(EXLCZ)993710000001020650 100 $a20170120h20162016 uy 0 101 0 $aita 135 $aurcnu|||||||| 181 $2rdacontent 182 $2rdamedia 183 $2rdacarrier 200 10$aFabbisogno finanziario, equlibrio e redditivita? /$fAntonio Renzi, Gianluca Vagnani 210 1$aTorino, [Italy] :$cG. Giappichelli Editore,$d2016. 210 4$dİ2016 215 $a1 online resource (145 pages) 311 $a88-921-0682-1 320 $aIncludes bibliographical references. 606 $aFinance$xManagement 606 $aCrisis management 615 0$aFinance$xManagement. 615 0$aCrisis management. 676 $a363.610681 700 $aRenzi$b Antonio$03771 702 $aVagnani$b Gianluca 801 0$bMiAaPQ 801 1$bMiAaPQ 801 2$bMiAaPQ 906 $aBOOK 912 $a9910828561103321 996 $aFabbisogno finanziario, equlibrio e redditivita?$94117308 997 $aUNINA